[Event "24th ch-EUR Indiv 2024"]
[Site "Petrovac MNE"]
[Date "2024.11.13"]
[Round "6.118"]
[White "Djurovic, Peko"]
[Black "Zwirs, Nico"]
[Result "0-1"]
[WhiteTitle "FM"]
[BlackTitle "IM"]
[WhiteElo "2198"]
[BlackElo "2480"]
[WhiteFideId "16503902"]
[BlackFideId "1036432"]
[EventDate "2024.11.08"]

1. e4 c5 2. Nf3 d6 3. d4 cxd4 4. Nxd4 Nf6 5. Nc3 a6 6. Bg5 Nbd7 7. Qd2 e6 8.
O-O-O b5 9. f3 Bb7 10. g4 Be7 11. Bd3 b4 12. Nce2 d5 13. Bxf6 Bxf6 14. Qxb4 Rb8
15. Qa3 Be7 16. Qa4 O-O 17. Nb3 Nc5 18. Nxc5 Bxc5 19. exd5 Bxd5 20. Be4 Rb4 21.
Qxa6 Qf6 22. c3 Rxe4 23. fxe4 Bxe4 24. b4 Bxh1 25. Rxh1 Bxb4 26. Kc2 Be7 27. h3
Qf3 28. Rd1 Qxh3 29. Qc4 Qg2 30. a4 Qa8 31. Rd7 Rc8 32. Qb5 Rb8 33. Qc4 Rc8 34.
Qb5 Bf6 35. g5 Bxg5 36. a5 Qe4+ 37. Kb2 h6 38. a6 Be3 39. Rxf7 Rd8 40. Rd7 Rxd7
41. Qxd7 Qc4 42. Nd4 Bxd4 43. Qd8+ Kf7 44. Qd7+ Kg6 45. Qxd4 Qxa6 46. c4 h5 47.
c5 Qb5+ 48. Kc3 h4 49. Qd6 Qa5+ 50. Kb3 Qb5+ 51. Kc3 Qa5+ 52. Kb3 Qe1 53. c6
Qg3+ 54. Qxg3+ hxg3 55. c7 g2 56. c8=Q g1=Q 57. Qxe6+ Kg5 58. Kc3 Qg3+ 59. Kd2
Qf2+ 60. Kd1 g6 61. Qe5+ Kh4 62. Qe4+ Kh5 63. Qh1+ Kg5 64. Qd5+ Qf5 65. Qd8+ Kg4
66. Ke1 g5 67. Qd4+ Kh3 68. Qh8+ Kg3 69. Qc3+ Qf3 70. Qe5+ Qf4 71. Qc3+ Kg2 72.
Qb2+ Kg1 73. Qb6+ Kh2 74. Qb2+ Kh3 75. Qg7 g4 76. Qh8+ Kg2 77. Qb2+ Kh1 78. Qb7+
Kh2 79. Qb2+ Kg3 80. Qc3+ Qf3 81. Qe5+ Kg2 82. Qb2+ Kg1 83. Qb6+ Kh2 84. Qh6+
Kg3 85. Qd6+ Kg2 86. Qd2+ Kh1 87. Qh6+ Kg1 88. Qb6+ Kh2 89. Qh6+ Qh3 90. Qd2+
Kh1 91. Qd5+ Qg2 92. Qh5+ Kg1 93. Qc5+ Kh2 94. Qh5+ Qh3 95. Qg5 g3 96. Qe5 Kh1
97. Qe4+ Qg2 98. Qh4+ Kg1 99. Kd1 Qf2 100. Qg4 g2 101. Qh5 Qe3 102. Qf7 Qd3+ 0-1

[Event "24th ch-EUR Indiv 2024"]
[Site "Petrovac MNE"]
[Date "2024.11.13"]
[Round "6.119"]
[White "Schneider, Ilja"]
[Black "Shvedova, Alexandra"]
[Result "0-1"]
[WhiteTitle "IM"]
[BlackTitle "WFM"]
[WhiteElo "2451"]
[BlackElo "2206"]
[WhiteFideId "4663306"]
[BlackFideId "54154782"]
[EventDate "2024.11.08"]

1. d4 d5 2. c4 dxc4 3. Nf3 Nf6 4. e3 e6 5. Bxc4 a6 6. O-O c5 7. Be2 Nbd7 8. b3
b6 9. Bb2 Bb7 10. Nbd2 Be7 11. Rc1 O-O 12. Nc4 b5 13. Nce5 Nxe5 14. Nxe5 Rc8 15.
Bf3 Nd5 16. dxc5 Bxc5 17. Bxd5 Bxd5 18. Qg4 f5 19. Qf4 Be7 20. Qd4 Bf6 21. Rxc8
Qxc8 22. Qb6 Qc2 23. Qd4 Rc8 24. h3 Qe2 25. Bc3 Qxa2 26. Qa7 Qxb3 27. Bd4 Qa3
28. Ra1 Qe7 29. Qxa6 Qc7 30. Nf3 Bxd4 31. Nxd4 Ra8 32. Qxa8+ Bxa8 33. Rxa8+ Kf7
34. Nxb5 Qc1+ 35. Kh2 Qb2 36. Nd6+ Ke7 37. Nxf5+ exf5 38. Kg1 Qd2 39. Ra7+ Kf6
40. g3 Qc1+ 41. Kg2 Qc6+ 42. Kg1 h5 43. h4 Ke5 44. Re7+ Kd5 45. Kf1 Qb5+ 46. Kg2
Kc4 47. Rxg7 Kd3 48. Ra7 Qc6+ 49. e4 Qxe4+ 50. Kg1 f4 51. Ra3+ Kd2 52. gxf4 Qxf4
53. Ra2+ Kc1 54. Ra3 Qxh4 55. Re3 Kd2 56. Kg2 Qg4+ 57. Rg3 Qf4 58. Rh3 h4 59.
Re3 Qf5 60. Kg1 Qg5+ 61. Kh1 h3 62. Rg3 Qf5 63. Kg1 Qb1+ 64. Kh2 Qf1 65. Rxh3
Qxf2+ 66. Kh1 Qf4 67. Rg3 Qh4+ 68. Kg2 Ke2 69. Rh3 Qf2+ 70. Kh1 Kf1 71. Rg3 Qf5
72. Rg1+ Kf2 73. Rg2+ Kf3 74. Kg1 Qc5+ 75. Kh2 Qh5+ 76. Kg1 Qh4 0-1

[Event "24th ch-EUR Indiv 2024"]
[Site "Petrovac MNE"]
[Date "2024.11.13"]
[Round "6.120"]
[White "Starcevic, Ante Leon"]
[Black "Juhasz, Agoston"]
[Result "0-1"]
[BlackTitle "IM"]
[WhiteElo "2200"]
[BlackElo "2432"]
[WhiteFideId "14543613"]
[BlackFideId "778346"]
[EventDate "2024.11.08"]

1. d4 Nf6 2. Nf3 c5 3. c4 cxd4 4. Nxd4 e5 5. Nb5 d5 6. cxd5 Bc5 7. N1c3 O-O 8.
e3 a6 9. Na3 b5 10. Nc2 b4 11. Na4 Bd6 12. Bc4 Nbd7 13. a3 a5 14. f3 e4 15. f4
Nb6 16. Nxb6 Qxb6 17. O-O Bg4 18. Qd2 b3 19. Nd4 a4 20. Bb5 Nxd5 21. Qf2 Bc5 22.
Bc6 Rad8 23. h3 Nf6 24. hxg4 Rxd4 25. g5 Rd3 26. Qh4 Qxc6 27. gxf6 Qxf6 28. Qxf6
gxf6 29. Kf2 Rc8 30. Rh1 Kg7 31. f5 Bd6 32. Rh4 Rc2+ 0-1

[Event "24th ch-EUR Indiv 2024"]
[Site "Petrovac MNE"]
[Date "2024.11.13"]
[Round "6.121"]
[White "Prisacaru, Stefan-Emilian"]
[Black "Manafov, Vugar"]
[Result "1/2-1/2"]
[WhiteTitle "CM"]
[BlackTitle "IM"]
[WhiteElo "2197"]
[BlackElo "2430"]
[WhiteFideId "1257285"]
[BlackFideId "13410814"]
[EventDate "2024.11.08"]

1. d4 Nf6 2. c4 e6 3. Nf3 Bb4+ 4. Bd2 c5 5. Bxb4 cxb4 6. a3 bxa3 7. Rxa3 O-O 8.
Nc3 d6 9. e3 Nc6 10. Be2 e5 11. O-O Bg4 12. h3 Bh5 13. Qd2 a6 14. Rd1 Rc8 15. b3
Re8 16. Qb2 Bxf3 17. Bxf3 exd4 18. exd4 Qb6 19. Qd2 Re7 20. Nd5 Nxd5 21. Bxd5
Rce8 22. Bf3 Rc8 23. Qc3 h6 24. Raa1 Qb4 25. Qxb4 Nxb4 26. Ra4 Nc6 27. Kf1 Kf8
28. Bxc6 Rxc6 29. Rb4 d5 30. Re1 b6 31. Ra4 dxc4 32. bxc4 a5 33. Rb1 Re4 34. d5
Rg6 35. g3 Ke7 36. Rb5 Kd7 37. Kg2 Rf6 38. Rb2 Rd4 39. Rba2 Kc7 40. Rb2 g5 41.
Rc2 Kd6 42. Rb2 Kc7 43. Rc2 h5 44. Ra3 h4 45. Rb3 Kb7 46. Re3 hxg3 47. fxg3 Ka6
48. Re5 Rd3 49. Rxg5 a4 50. c5 bxc5 51. d6 Rfxd6 52. Rcxc5 a3 53. Ra5+ Kb6 54.
Rgb5+ Kc6 55. Rc5+ Kd7 56. Ra7+ Ke6 57. Rca5 Rb3 58. h4 Rdd3 59. R5a6+ Ke5 60.
Ra5+ Kf6 61. R7a6+ Kg7 62. Rg5+ Kh7 63. Rh5+ 1/2-1/2

[Event "24th ch-EUR Indiv 2024"]
[Site "Petrovac MNE"]
[Date "2024.11.13"]
[Round "6.122"]
[White "Parligras, Cosmin"]
[Black "Vanczak, Tamas"]
[Result "1/2-1/2"]
[BlackTitle "IM"]
[WhiteElo "2182"]
[BlackElo "2413"]
[WhiteFideId "1206494"]
[BlackFideId "759929"]
[EventDate "2024.11.08"]

1. d4 f5 2. g3 Nf6 3. Bg2 g6 4. Nd2 Bg7 5. e4 fxe4 6. Nxe4 Nxe4 7. Bxe4 O-O 8.
f4 c5 9. dxc5 Na6 10. Nf3 Qa5+ 11. c3 Nxc5 12. Bc2 Qb6 13. Bb3+ Nxb3 14. Qxb3+
Qxb3 15. axb3 b5 16. b4 Bb7 17. O-O h6 18. Be3 g5 19. Nd4 gxf4 20. Rxf4 Rxf4 21.
gxf4 a6 22. Nf5 Bf8 23. Rd1 d6 24. Kf2 Kf7 25. Bd4 e6 26. Ne3 Be7 27. Rg1 Bf8
28. Rd1 a5 29. bxa5 Rxa5 30. f5 Ra2 31. fxe6+ Kxe6 32. c4 bxc4 33. Nxc4 Ra4 34.
Re1+ Kf7 35. b3 Rb4 36. Re3 Bd5 37. Rc3 Be7 38. Kg3 Rb8 39. Kf2 Rb4 40. Kg3 h5
41. Kf2 Bh4+ 42. Kf1 Be7 43. Kf2 Rb8 44. Kf1 Rxb3 45. Ne3 Rb1+ 46. Kf2 Be4 47.
Nf1 Bh4+ 48. Ke3 Re1+ 49. Kf4 Kg6 50. Re3 Rxf1+ 51. Kxe4 Rf5 52. Rf3 d5+ 53. Ke3
Bg5+ 54. Ke2 Rxf3 55. Kxf3 Kf5 56. Bc3 Bf4 57. h3 Be5 58. Ba5 Ke6 59. Ke3 Kd6
60. Bb4+ Kc6 61. Kd3 Bd6 62. Be1 Bc5 63. Bg3 Kd7 64. Ke2 Ke6 65. Kf3 Bd4 66. Be1
Bb2 67. Kf4 Bc1+ 68. Kf3 Kd6 69. Bf2 Ke5 70. Bb6 Ke6 71. Bc5 Kd7 72. Ke2 Bb2 73.
Ba7 Kd6 74. Bb8+ Kc5 75. Kd3 Bg7 76. Ba7+ Kd6 77. Bb8+ Ke6 78. Ke3 Be5 79. Ba7
Bb2 80. Bb8 Bc1+ 81. Kf3 Kf5 82. Ba7 Ke5 83. Bb6 Bd2 84. Ba7 Bc3 85. Bb6 Bb4 86.
Ba7 Bc3 87. Bb6 Kf5 88. Ba7 Be5 89. Bb6 Ke6 90. Ke2 Bh2 91. Ba7 Bd6 92. Bb6 Kd7
93. Ba7 Kc6 94. Kd3 Bc5 95. Bb8 Kb5 96. Be5 Kb4 97. Bc7 Kb5 1/2-1/2

[Event "24th ch-EUR Indiv 2024"]
[Site "Petrovac MNE"]
[Date "2024.11.13"]
[Round "6.123"]
[White "Saraci, Korab"]
[Black "Agasarov, Benik"]
[Result "0-1"]
[WhiteTitle "CM"]
[BlackTitle "FM"]
[WhiteElo "2193"]
[BlackElo "2410"]
[WhiteFideId "4701968"]
[BlackFideId "13314823"]
[EventDate "2024.11.08"]

1. d4 Nf6 2. c4 e6 3. Nf3 h6 4. Qc2 c5 5. e4 cxd4 6. Nxd4 Nc6 7. Nxc6 bxc6 8.
Bd3 Bc5 9. h3 e5 10. Nd2 a5 11. Rb1 Ba7 12. b3 Qe7 13. a3 d6 14. c5 d5 15. b4
O-O 16. O-O Be6 17. Re1 axb4 18. axb4 Bb8 19. Bb2 dxe4 20. Bxe4 Nxe4 21. Nxe4 f6
22. Ra1 Bc7 23. Red1 Rxa1 24. Rxa1 Rb8 25. Qa4 Rd8 26. Nc3 Qe8 27. Qa7 Bb8 28.
Qb6 Kh7 29. b5 cxb5 30. c6 Rc8 31. Ra8 e4 32. Kh1 Be5 33. Rxc8 Qxc8 34. Qxb5
Bxh3 35. Nxe4 Bxb2 36. Nd6 Bxg2+ 37. Kxg2 Qg4+ 38. Kf1 Qd1+ 39. Kg2 Qg4+ 40. Kf1
Qd1+ 41. Kg2 Be5 42. c7 Qg4+ 43. Kf1 Qh3+ 44. Ke2 Bxd6 45. Qb1+ g6 46. Qb7 Qe6+
47. Kf3 Qf5+ 48. Kg2 Qg4+ 0-1

[Event "24th ch-EUR Indiv 2024"]
[Site "Petrovac MNE"]
[Date "2024.11.13"]
[Round "6.124"]
[White "Lundin, Jan"]
[Black "Decuigniere, Tom"]
[Result "1/2-1/2"]
[WhiteTitle "FM"]
[BlackTitle "IM"]
[WhiteElo "2175"]
[BlackElo "2385"]
[WhiteFideId "1706896"]
[BlackFideId "26093820"]
[EventDate "2024.11.08"]

1. c4 e6 2. d4 d5 3. Nc3 Nf6 4. Nf3 Be7 5. cxd5 exd5 6. Bf4 c6 7. Qc2 g6 8. e3
Bf5 9. Bd3 Bxd3 10. Qxd3 Nbd7 11. O-O-O a5 12. Ne5 a4 13. f3 a3 14. b3 O-O 15.
Kb1 Rc8 16. g4 c5 17. Nxd7 Qxd7 18. dxc5 Bxc5 19. g5 Nh5 20. Be5 Qe6 21. f4 f6
22. gxf6 Nxf6 23. Rhe1 Rfe8 24. Nxd5 Nxd5 25. Qxd5 Qxd5 26. Rxd5 Bb4 27. Rc1 Kf7
28. Rd7+ Ke6 29. Rcd1 Re7 30. Rxe7+ Bxe7 31. Rc1 Rxc1+ 32. Kxc1 Kd5 33. Bd4 Ke4
34. Kd2 Bb4+ 35. Ke2 b5 36. Bb6 h6 37. h3 h5 38. Bd4 Bd6 39. Bb6 Bb4 40. Bd4 Bd6
41. Bb6 1/2-1/2

[Event "24th ch-EUR Indiv 2024"]
[Site "Petrovac MNE"]
[Date "2024.11.13"]
[Round "6.125"]
[White "Baltag, Iulian"]
[Black "Scekic, Veljko"]
[Result "1-0"]
[WhiteTitle "IM"]
[WhiteElo "2383"]
[BlackElo "2199"]
[WhiteFideId "13901419"]
[BlackFideId "940020"]
[EventDate "2024.11.08"]

1. d4 Nf6 2. c4 e6 3. Nc3 Bb4 4. e3 O-O 5. Ne2 d5 6. a3 Be7 7. Nf4 dxc4 8. Bxc4
c5 9. O-O cxd4 10. exd4 Nbd7 11. Ba2 Nb6 12. Re1 Bd6 13. Qf3 Bxf4 14. Bxf4 Nfd5
15. Be5 Nxc3 16. bxc3 Nd5 17. c4 Ne7 18. d5 Ng6 19. Bg3 exd5 20. cxd5 Bd7 21.
Rab1 b5 22. d6 a5 23. Rbc1 Rc8 24. Rc7 Rxc7 25. dxc7 Qf6 26. Qxf6 gxf6 27. Rd1
Bc8 28. Bd6 Re8 29. Bc5 Kg7 30. h4 h5 31. Rd8 Rg8 32. g3 Rh8 33. Bd5 Rg8 34. f4
Rh8 35. Kf2 b4 36. axb4 axb4 37. Bxb4 1-0

[Event "24th ch-EUR Indiv 2024"]
[Site "Petrovac MNE"]
[Date "2024.11.13"]
[Round "6.126"]
[White "Goroshkov, Maksym"]
[Black "Yilmaz, Baver"]
[Result "1/2-1/2"]
[WhiteTitle "FM"]
[BlackTitle "FM"]
[WhiteElo "2368"]
[BlackElo "2196"]
[WhiteFideId "14142716"]
[BlackFideId "26363542"]
[EventDate "2024.11.08"]

1. d4 Nf6 2. c4 g6 3. Nc3 d5 4. Nf3 Bg7 5. Qb3 dxc4 6. Qxc4 O-O 7. e4 a6 8. Qb3
b6 9. e5 Nfd7 10. Bc4 e6 11. Bg5 Qe8 12. Ne4 h6 13. Bh4 Bb7 14. Qe3 Bxe4 15.
Qxe4 Ra7 16. O-O b5 17. Be2 Nb6 18. Rac1 Nd5 19. Bd1 Qd7 20. Bb3 c6 21. Rfd1 Rc8
22. Nd2 a5 23. a4 Nb6 24. axb5 cxb5 25. Rxc8+ Qxc8 26. Qd3 Qc6 27. Ne4 a4 28.
Ba2 N8d7 29. b4 Nxe5 30. dxe5 Rd7 31. Nd6 Bxe5 32. Bxe6 fxe6 33. Qxg6+ Bg7 34.
Qxe6+ Kh7 35. Qf5+ Kg8 36. Bg3 Nc4 37. Qe6+ Kh7 38. Qf5+ Kg8 39. Qe6+ Kh7 40.
Qf5+ 1/2-1/2

[Event "24th ch-EUR Indiv 2024"]
[Site "Petrovac MNE"]
[Date "2024.11.13"]
[Round "6.127"]
[White "Tudor, Henry Edward"]
[Black "Abdulkarimli, Eljan"]
[Result "1-0"]
[WhiteTitle "FM"]
[WhiteElo "2365"]
[BlackElo "2190"]
[WhiteFideId "2409836"]
[BlackFideId "13425439"]
[EventDate "2024.11.08"]

1. d4 d5 2. c4 c6 3. cxd5 cxd5 4. Nc3 Nf6 5. Bf4 Nc6 6. e3 e6 7. Bd3 Be7 8. h3
O-O 9. Nf3 Bd7 10. O-O Qa5 11. a3 Rfc8 12. b4 Qd8 13. Na4 Be8 14. Qb3 Bd6 15.
Bg5 h6 16. Bh4 g5 17. Bg3 Nh5 18. Bxd6 Qxd6 19. b5 Ne7 20. Nc3 f6 21. Rac1 Bg6
22. Bxg6 Nxg6 23. Rc2 Rc7 24. Rfc1 Rac8 25. a4 f5 26. a5 b6 27. a6 Nf6 28. Na4
Ne4 29. Qb2 h5 30. Ne5 Nxe5 31. dxe5 Qd7 32. Kh2 h4 33. Qa2 Rxc2 34. Rxc2 Nc5
35. Nxc5 bxc5 36. Qa5 Qc7 37. Qxc7 Rxc7 38. Rb2 Rc8 39. b6 axb6 40. Rxb6 Ra8 41.
Rxe6 f4 42. exf4 gxf4 43. Kg1 Kf7 44. Rf6+ Kg7 45. Rb6 c4 46. Kf1 c3 47. Ke2 d4
48. Rc6 Rb8 49. Kd3 Rb4 50. a7 Ra4 51. Rc7+ Kg6 52. e6 Ra2 53. e7 Rd2+ 54. Ke4 1-0

[Event "24th ch-EUR Indiv 2024"]
[Site "Petrovac MNE"]
[Date "2024.11.13"]
[Round "6.128"]
[White "Akhvlediani, Irakli"]
[Black "Markovic, Franjo-Josip"]
[Result "1/2-1/2"]
[WhiteTitle "FM"]
[WhiteElo "2363"]
[BlackElo "2181"]
[WhiteFideId "13601938"]
[BlackFideId "14541041"]
[EventDate "2024.11.08"]

1. Nf3 Nf6 2. c4 g6 3. Nc3 d5 4. cxd5 Nxd5 5. h4 Bg7 6. h5 Nxc3 7. bxc3 c5 8.
Qa4+ Qd7 9. Qc4 b5 10. Qxc5 Na6 11. Qe3 b4 12. Bb2 Bb7 13. hxg6 hxg6 14. Rxh8+
Bxh8 15. Ne5 Qf5 16. c4 Qc2 17. Qb3 Qxb3 18. axb3 Nc5 19. Ra5 Nxb3 20. Rb5 Bxe5
21. Bxe5 O-O-O 22. Rxb4 Nxd2 23. f3 f6 24. Bc3 Nxf1 25. Kxf1 Rd1+ 26. Kf2 Bc6
27. Ke3 Kc7 28. Rb3 e5 29. g4 g5 30. Bb4 Rd7 31. Ra3 Kb7 32. Bc5 Kb8 33. Ra6 Kb7
34. Rxa7+ Kc8 35. Ra6 Kb7 36. Ra1 Kc8 37. Rh1 Rf7 38. Rh8+ Kd7 39. Bb6 Bb7 40.
Rd8+ Ke6 41. c5 Rd7 42. Rf8 Ke7 43. Rh8 Kf7 44. Bd8 Kg7 45. Bxf6+ Kxf6 46. c6
Bxc6 47. Rh6+ Kf7 48. Rxc6 Rd4 49. Rc5 Kf6 50. Rc8 Kf7 51. Ra8 Rb4 52. Ra6 Rd4
53. Rc6 Ra4 54. Rd6 Rb4 55. Kd3 Ra4 56. e3 Rb4 57. Ra6 e4+ 58. fxe4 Rb2 59. e5
Rg2 60. Ke4 Rxg4+ 61. Kf5 Rg3 62. e6+ Kf8 63. Ra8+ Ke7 64. Ra7+ Kf8 65. e4 Rg1
66. Kf6 Rf1+ 67. Kxg5 Ke8 68. Rf7 Re1 69. Kf5 Ra1 70. Rb7 Rh1 71. Ke5 Ra1 72.
Rc7 Rb1 73. Ra7 Rd1 74. e7 Rb1 75. Kd6 Rb6+ 76. Kc5 Rb1 77. Kd6 Rb6+ 78. Kd5 Rb1
79. Ke6 Rb6+ 80. Kf5 Rc6 81. e5 Rb6 82. Ke4 Rb1 83. Rc7 Ra1 84. Rb7 Ra6 85. Kd5
Ra5+ 86. Ke6 Ra6+ 87. Kf5 Rc6 88. Ra7 Rb6 89. Ke4 Rb1 90. Kd5 Rb5+ 91. Kc6 Rxe5
92. Kd6 Re6+ 93. Kxe6 1/2-1/2

[Event "24th ch-EUR Indiv 2024"]
[Site "Petrovac MNE"]
[Date "2024.11.13"]
[Round "6.129"]
[White "Kanyamarala, Trisha"]
[Black "Derakhshani, Borna"]
[Result "0-1"]
[WhiteTitle "WIM"]
[BlackTitle "FM"]
[WhiteElo "2171"]
[BlackElo "2355"]
[WhiteFideId "45004722"]
[BlackFideId "12518450"]
[EventDate "2024.11.08"]

1. d4 Nf6 2. c4 e6 3. Nf3 d5 4. Nc3 c6 5. e3 Nbd7 6. Qc2 Bd6 7. Be2 O-O 8. e4
dxe4 9. Nxe4 Nxe4 10. Qxe4 Nf6 11. Qc2 c5 12. dxc5 Bxc5 13. O-O Qc7 14. Bg5 Re8
15. Bd3 h6 16. Bxf6 gxf6 17. Rfe1 Bd7 18. Qd2 Bf8 19. Rad1 Rad8 20. Qe3 a6 21.
Nd4 Bg7 22. Ne2 f5 23. Qh3 Bc6 24. Bc2 b5 25. Ng3 Rxd1 26. Rxd1 bxc4 27. Nh5
Bxb2 28. Qh4 Bd5 29. Nf4 Bg7 30. Bxf5 Qe5 31. Bb1 Qg5 32. Qg3 Qxg3 33. hxg3 Rb8
34. a4 c3 35. Bc2 Rb2 36. Rc1 Bc4 37. g4 Bd4 38. Nh3 e5 39. Kh2 a5 40. Kg3 Rxc2
41. Rxc2 Bb3 42. Rc1 c2 43. Ng1 Bb2 44. Ne2 Bxc1 45. Nxc1 Bxa4 46. Kf3 Bc6+ 47.
Ke2 Bxg2 48. Kd3 Bf3 49. Kxc2 Bxg4 50. Kd3 h5 51. Ke4 h4 52. f3 h3 53. Nd3 h2
54. Nf2 Bh3 0-1

[Event "24th ch-EUR Indiv 2024"]
[Site "Petrovac MNE"]
[Date "2024.11.13"]
[Round "6.130"]
[White "Tamas, Christian-Arrydan"]
[Black "Novosel, Lovro"]
[Result "0-1"]
[BlackTitle "FM"]
[WhiteElo "2166"]
[BlackElo "2353"]
[WhiteFideId "1283740"]
[BlackFideId "14547120"]
[EventDate "2024.11.08"]

1. d4 Nf6 2. c4 e6 3. Nc3 Bb4 4. f3 c5 5. d5 d6 6. e4 b5 7. Ne2 bxc4 8. Nf4 e5
9. Ne2 Nbd7 10. Ng3 Bxc3+ 11. bxc3 Nb6 12. Bxc4 Nxc4 13. Qa4+ Nd7 14. Qxc4 O-O
15. Qd3 a5 16. c4 Nb6 17. Bd2 f5 18. exf5 Qh4 19. Qe4 Qxe4+ 20. fxe4 Nxc4 21.
Rb1 Ba6 22. Bc3 Rfb8 23. Kf2 a4 24. Rhc1 Na3 25. Rxb8+ Rxb8 26. Nf1 Nb1 27. Ba1
Rb4 28. Ke3 Bc4 29. Nd2 Nxd2 30. Kxd2 Bxa2 31. Re1 Bb1 32. Bc3 Rb3 33. Re3 Rb5
34. g4 c4 35. Re1 a3 36. g5 a2 37. h4 Rb3 38. Ba1 Bd3 39. Bc3 Rb1 40. Rc1 Bxe4 0-1

[Event "24th ch-EUR Indiv 2024"]
[Site "Petrovac MNE"]
[Date "2024.11.13"]
[Round "6.131"]
[White "Yurtseven, Melih"]
[Black "Lorenz, Roger"]
[Result "1-0"]
[WhiteTitle "IM"]
[WhiteElo "2348"]
[BlackElo "2184"]
[WhiteFideId "6312160"]
[BlackFideId "24632325"]
[EventDate "2024.11.08"]

1. Nf3 d5 2. g3 g6 3. Bg2 Bg7 4. O-O e5 5. d3 Ne7 6. Nbd2 O-O 7. c4 c6 8. Rb1 a5
9. b3 h6 10. Bb2 Qd6 11. cxd5 cxd5 12. e4 dxe4 13. dxe4 b5 14. Qe2 Ba6 15. Rfd1
Qe6 16. Nf1 b4 17. Qe1 Nbc6 18. Ne3 Rfd8 19. Nd5 Rac8 20. Rd2 Na7 21. Bh3 f5 22.
Nxe7+ Qxe7 23. exf5 Rxd2 24. Nxd2 Bd3 25. fxg6 Bxb1 26. Bxc8 Bxg6 27. Ba6 Qc5
28. Bc4+ Kh7 29. Nf3 Nc6 30. Nh4 Nd4 31. Bxd4 Qxd4 32. Nxg6 Kxg6 33. Qe2 Kh7 34.
Bd3+ Kh8 35. Be4 Qb6 36. Qh5 Qe6 37. Bf5 Qc6 38. Qh4 Qc1+ 39. Kg2 Qc6+ 40. Be4
Qd6 41. Qg4 Qd8 42. Qe6 Bf6 43. Qf5 Qe7 44. Qg6 Bg5 45. h4 Bd2 46. Qb6 Kg7 47.
Qxa5 Bc3 48. a4 Bd4 49. Qd5 Qf6 50. Bf3 Kf8 51. a5 1-0

[Event "24th ch-EUR Indiv 2024"]
[Site "Petrovac MNE"]
[Date "2024.11.13"]
[Round "6.132"]
[White "Pipiras, Filipa Fortuna"]
[Black "Dalaud, Dorian"]
[Result "1/2-1/2"]
[WhiteTitle "FM"]
[BlackTitle "FM"]
[WhiteElo "2166"]
[BlackElo "2348"]
[WhiteFideId "1944894"]
[BlackFideId "36093270"]
[EventDate "2024.11.08"]

1. d4 Nf6 2. c4 g6 3. Nc3 Bg7 4. e4 d6 5. Be2 O-O 6. Be3 a5 7. Nf3 Ng4 8. Bg5 h6
9. Bh4 Nf6 10. h3 Na6 11. O-O g5 12. Bg3 Nh5 13. Bh2 Nf4 14. Bxf4 gxf4 15. e5 c5
16. exd6 Qxd6 17. d5 Rd8 18. Qc1 Bf5 19. Rd1 Nc7 20. Ne1 e5 21. dxe6 Qxe6 22.
Rxd8+ Rxd8 23. Qxf4 Be5 24. Qe3 Bxc3 25. Qxc3 Qxe2 26. Qg3+ Bg6 27. Qxc7 Re8 28.
Qxb7 Qxc4 29. Qb3 Qb4 30. Nf3 Re2 31. Qxb4 cxb4 32. b3 Be4 33. Ne5 Bd5 34. Ng4
Kg7 35. Ne3 Be6 36. Kf1 Rb2 37. Nd1 Rc2 38. Ne3 Rb2 39. Ke1 Kf6 40. Nd1 Rc2 41.
Ne3 Rb2 42. Nd1 Rc2 43. Ne3 Rb2 1/2-1/2

[Event "24th ch-EUR Indiv 2024"]
[Site "Petrovac MNE"]
[Date "2024.11.13"]
[Round "6.133"]
[White "Szwed, Jacek"]
[Black "Olcum, Ahmet"]
[Result "0-1"]
[WhiteTitle "FM"]
[BlackTitle "FM"]
[WhiteElo "2341"]
[BlackElo "2180"]
[WhiteFideId "1126431"]
[BlackFideId "6311393"]
[EventDate "2024.11.08"]

1. e4 d6 2. g3 e5 3. Bg2 Nc6 4. Ne2 f5 5. exf5 Bxf5 6. d4 Nf6 7. O-O Be7 8. c3
Qd7 9. Qa4 O-O 10. dxe5 Nxe5 11. Qxd7 Bxd7 12. b3 Rae8 13. h3 d5 14. Nf4 c6 15.
Be3 Ne4 16. Nd2 Nxd2 17. Bxd2 g5 18. Ne2 Bxh3 19. Bxh3 Nf3+ 20. Kg2 Nxd2 21.
Rfe1 Nf3 22. Red1 Bc5 23. Nd4 Bxd4 24. cxd4 h5 25. Kf1 Nh2+ 26. Kg1 Nf3+ 27. Kf1
g4 28. Bg2 Ng5 29. Re1 Kf7 30. b4 Rxe1+ 31. Kxe1 Ke6 32. Ke2 Kd6 33. Rh1 Rh8 34.
Ke3 Rh7 35. Kf4 Ne6+ 36. Ke3 Re7 37. Kd3 Rf7 38. Ke3 Ng7 39. Rc1 h4 40. Rf1 Nf5+
41. Ke2 hxg3 42. Kd3 Re7 43. fxg3 Re3+ 44. Kd2 Rxg3 45. Rxf5 Rxg2+ 46. Kc3 Rxa2
47. Rg5 Ra3+ 48. Kb2 Rg3 49. Rg7 b5 50. Kc2 a6 51. Ra7 Ra3 52. Rg7 g3 53. Rg6+
Kc7 54. Rg4 Kb6 55. Rg6 g2 56. Rg4 Ra1 0-1

[Event "24th ch-EUR Indiv 2024"]
[Site "Petrovac MNE"]
[Date "2024.11.13"]
[Round "6.134"]
[White "Doraszelski, Alexander"]
[Black "Gombocz, Ferenc Jr."]
[Result "1/2-1/2"]
[BlackTitle "FM"]
[WhiteElo "2156"]
[BlackElo "2333"]
[WhiteFideId "12996149"]
[BlackFideId "775029"]
[EventDate "2024.11.08"]

1. e4 e5 2. Nf3 Nc6 3. Nc3 Nf6 4. d4 exd4 5. Nxd4 Bb4 6. Nxc6 bxc6 7. Bd3 d5 8.
Bd2 O-O 9. O-O Rb8 10. Re1 Re8 11. a3 Bc5 12. h3 Bd4 13. Rb1 Qd6 14. Qf3 Bd7 15.
b4 Bxc3 16. Bxc3 dxe4 17. Bxe4 Nxe4 18. Rxe4 Rxe4 19. Qxe4 Re8 20. Qd4 Qxd4 21.
Bxd4 Bf5 22. Ra1 a6 23. c3 Re2 24. a4 f6 25. a5 Kf7 26. g4 Be6 27. Kg2 Bd5+ 28.
Kg3 g6 29. Rc1 Bc4 30. Be3 Bb3 31. Bd4 Bc4 32. Be3 Bb3 33. Bd4 Bc4 34. Kf3 Rd2
35. Re1 Rd3+ 36. Kg2 Bd5+ 37. Kh2 h5 38. gxh5 gxh5 39. Re3 1/2-1/2

[Event "24th ch-EUR Indiv 2024"]
[Site "Petrovac MNE"]
[Date "2024.11.13"]
[Round "6.135"]
[White "Marie, Maxime"]
[Black "Brzezina, Piotr"]
[Result "1/2-1/2"]
[WhiteTitle "CM"]
[BlackTitle "FM"]
[WhiteElo "2154"]
[BlackElo "2307"]
[WhiteFideId "625590"]
[BlackFideId "21078874"]
[EventDate "2024.11.08"]

1. c4 e5 2. Nc3 Bb4 3. Nd5 a5 4. Nf3 d6 5. a3 Bc5 6. d4 exd4 7. Nxd4 c6 8. Nc3
Nf6 9. Bg5 h6 10. Bh4 O-O 11. e3 Qe7 12. Be2 Be6 13. O-O Nbd7 14. Qc2 Nb6 15.
Nf5 Bxf5 16. Qxf5 Nbd7 17. Rad1 Qe6 18. Bd3 Rad8 19. Na4 Rfe8 20. Qxe6 fxe6 21.
Bg6 Re7 22. Rd2 d5 23. e4 Ne5 24. Nxc5 Nxg6 25. Bxf6 gxf6 26. exd5 cxd5 27. cxd5
Rxd5 28. Rxd5 exd5 29. Rd1 b6 30. Nd3 Rc7 31. Ne1 Ne7 32. Kf1 Kf7 33. Ke2 Ke6
34. Nf3 Rc2+ 35. Rd2 Rxd2+ 36. Kxd2 Nc6 37. Ke3 Ne5 38. Nd4+ Kf7 39. b3 Ng4+ 40.
Ke2 Ne5 41. f4 Ng6 42. Ke3 Ne7 43. f5 Ke8 44. g4 Kd7 45. h4 Kd6 46. b4 axb4 47.
axb4 Ke5 48. Nf3+ Kd6 49. Nd4 Ke5 50. Nf3+ Kd6 51. Kf4 Nc6 52. g5 hxg5+ 53. hxg5
fxg5+ 54. Kxg5 Nxb4 55. Nd4 Nd3 56. f6 Ne5 57. Kf5 Nd7 58. Nb5+ Kc5 59. Nc7 Nxf6
60. Kxf6 d4 61. Ke5 d3 62. Nd5 d2 63. Ne3 Kb4 64. Kd4 1/2-1/2

[Event "24th ch-EUR Indiv 2024"]
[Site "Petrovac MNE"]
[Date "2024.11.13"]
[Round "6.136"]
[White "Leszko, Bence"]
[Black "Sitbon, Itay"]
[Result "1/2-1/2"]
[WhiteTitle "FM"]
[WhiteElo "2292"]
[BlackElo "2170"]
[WhiteFideId "769070"]
[BlackFideId "2820706"]
[EventDate "2024.11.08"]

1. e4 c5 2. Nf3 Nc6 3. Nc3 Nf6 4. d4 cxd4 5. Nxd4 e5 6. Ndb5 d6 7. Bg5 a6 8. Na3
b5 9. Nab1 Be7 10. Bxf6 Bxf6 11. Nd5 Ne7 12. Nbc3 Bb7 13. Be2 Bg5 14. Nxe7 Bxe7
15. Nd5 O-O 16. O-O Rc8 17. c3 Bxd5 18. Qxd5 Qb6 19. Rfd1 Rc5 20. Qd3 Rfc8 21.
g3 g6 22. h4 h5 23. Rd2 a5 24. Qf3 Kg7 25. Kg2 b4 26. c4 Rf8 27. Bd3 Qb8 28. a3
Qb7 29. axb4 Qxb4 30. Qd1 Qb7 31. Kg1 Bd8 32. b3 Bc7 33. Bc2 Ra8 34. Ra4 Ra6 35.
Qe2 Qc8 36. Kh2 Rb6 37. Ra1 Rb8 38. Rd3 Qe6 39. Kg2 Qe7 40. Rad1 Rd8 41. Qd2 Qd7 1/2-1/2